| 000 | 00637nam a22001817a 4500 | ||
|---|---|---|---|
| 003 | BUBTL | ||
| 008 | 190421b xxu||||| |||| 00| 0 eng d | ||
| 020 | _a984-18-0074-8 | ||
| 082 | _a943.086 / ALH | ||
| 100 |
_92279 _aআলী, সৈয়দ মুজতবা |
||
| 245 |
_aহিটলার / _cসৈয়দ মুজতবা আলী |
||
| 260 |
_aঢাকা : _bবিশ্ব সাহিত্য কেন্দ্র, _cc2014 |
||
| 300 |
_a149 p. : _c22 cm. |
||
| 650 | 0 |
_91687 _aবাংলা সাহিত্য |
|
| 856 |
_k0 _l0 _yDownload |
||
| 942 |
_2ddc _cBK |
||
| 999 |
_c5978 _d5978 |
||